<?xml version="1.0" encoding="UTF-8"?>
<record
    xmlns:xsi="http://www.w3.org/2001/XMLSchema-instance"
    xsi:schemaLocation="http://www.loc.gov/MARC21/slim http://www.loc.gov/standards/marcxml/schema/MARC21slim.xsd"
    xmlns="http://www.loc.gov/MARC21/slim">

  <leader>03007cam a2200745 a 4500</leader>
  <controlfield tag="001">9745578</controlfield>
  <controlfield tag="005">20220326193348.0</controlfield>
  <controlfield tag="008">120928s2012    sp a     bc   000 0 spa d</controlfield>
  <datafield tag="020" ind1=" " ind2=" ">
    <subfield code="a">9788415118367 (RM) :</subfield>
    <subfield code="c">20.00 EUR</subfield>
  </datafield>
  <datafield tag="020" ind1=" " ind2=" ">
    <subfield code="a">9788461592999 (Hablar en arte) :</subfield>
    <subfield code="c">20.00 EUR</subfield>
  </datafield>
  <datafield tag="035" ind1=" " ind2=" ">
    <subfield code="a">(OCoLC)811003905</subfield>
  </datafield>
  <datafield tag="035" ind1=" " ind2=" ">
    <subfield code="a">(OCoLC)ocn811003905</subfield>
  </datafield>
  <datafield tag="035" ind1=" " ind2=" ">
    <subfield code="a">(ItFiC)it 60747514</subfield>
  </datafield>
  <datafield tag="035" ind1=" " ind2=" ">
    <subfield code="a">(NNC)9745578</subfield>
  </datafield>
  <datafield tag="040" ind1=" " ind2=" ">
    <subfield code="a">ItFiC</subfield>
    <subfield code="c">ItFiC</subfield>
  </datafield>
  <datafield tag="082" ind1=" " ind2=" ">
    <subfield code="a">779.092</subfield>
    <subfield code="b">B517l</subfield>
  </datafield>
  <datafield tag="100" ind1=" " ind2=" ">
    <subfield code="a">Alessio Antonioli ... et al ; Bernal, Eneas. (Editor) </subfield>
    <subfield code="9">5056</subfield>
  </datafield>
  <datafield tag="245" ind1="0" ind2="0">
    <subfield code="a">Lugares de tr&#xE1;nsito :</subfield>
    <subfield code="b">fotograf&#xED;a y residencias art&#xED;sticas.</subfield>
    <subfield code="c">Alessio Antonioli ... et al ; </subfield>
  </datafield>
  <datafield tag="246" ind1="1" ind2=" ">
    <subfield code="i">Parallel subtitle on cover:</subfield>
    <subfield code="a">Photography and artists-in-residence programmes</subfield>
  </datafield>
  <datafield tag="260" ind1=" " ind2=" ">
    <subfield code="a">Barcelona, Espa&#xF1;a :</subfield>
    <subfield code="b">RM ;</subfield>
    <subfield code="a">Madrid, Espa&#xF1;a :</subfield>
    <subfield code="b">Hablar en arte,</subfield>
    <subfield code="c">c2012.</subfield>
  </datafield>
  <datafield tag="300" ind1=" " ind2=" ">
    <subfield code="a">223 p. :</subfield>
    <subfield code="b">ill. (some col.) ;</subfield>
    <subfield code="c">29 cm.</subfield>
  </datafield>
  <datafield tag="500" ind1=" " ind2=" ">
    <subfield code="a">Published on the occasion of an itinerant exhibition, 2010-2011.</subfield>
  </datafield>
  <datafield tag="500" ind1=" " ind2=" ">
    <subfield code="a">"Textos, Alessio Antonioli ... et al."--P. [5].</subfield>
  </datafield>
  <datafield tag="504" ind1=" " ind2=" ">
    <subfield code="a">Includes bibliographical references.</subfield>
  </datafield>
  <datafield tag="505" ind1=" " ind2=" ">
    <subfield code="t">Genealog&#xED;a  de un Transito</subfield>
    <subfield code="t">El privilegio de la movilidad </subfield>
    <subfield code="t">Espera</subfield>
    <subfield code="t">Entremedio</subfield>
    <subfield code="t">Real Estate/Levels</subfield>
    <subfield code="t">De tiempos y Ciudades </subfield>
    <subfield code="t">La Imagen como Lugar inhabitable</subfield>
    <subfield code="t">Entrevista  a Marta Soul</subfield>
    <subfield code="t">Nexo </subfield>
    <subfield code="t">The Canal Zone </subfield>
    <subfield code="t">1146 KM</subfield>
    <subfield code="t">Tomar la Calle </subfield>
    <subfield code="t">Cree </subfield>
    <subfield code="t">Educaci&#xF3;n petrolera y pedagog&#xED;a Bauhaus </subfield>
    <subfield code="t">Un arte austero y una vida exhuberante</subfield>
  </datafield>
  <datafield tag="650" ind1=" " ind2="0">
    <subfield code="a">Photography, Artistic</subfield>
    <subfield code="v">Exhibitions.</subfield>
    <subfield code="9">1562</subfield>
  </datafield>
  <datafield tag="653" ind1=" " ind2=" ">
    <subfield code="a">Residencias artisticas</subfield>
    <subfield code="a">Fotograf&#xED;a</subfield>
    <subfield code="a">Fotograf&#xED;a - Itinerante </subfield>
  </datafield>
  <datafield tag="700" ind1="1" ind2=" ">
    <subfield code="a">Antonioli, Alessio.</subfield>
    <subfield code="9">5057</subfield>
  </datafield>
  <datafield tag="700" ind1="1" ind2=" ">
    <subfield code="a">Gean Moreno</subfield>
    <subfield code="9">5058</subfield>
  </datafield>
  <datafield tag="700" ind1="1" ind2=" ">
    <subfield code="a">Tania Pardo </subfield>
    <subfield code="9">5059</subfield>
  </datafield>
  <datafield tag="700" ind1="1" ind2=" ">
    <subfield code="a">Michelle Ricardo </subfield>
    <subfield code="9">5060</subfield>
  </datafield>
  <datafield tag="700" ind1="1" ind2=" ">
    <subfield code="a">Rafael Sanchez Mateos </subfield>
    <subfield code="9">5061</subfield>
  </datafield>
  <datafield tag="700" ind1="1" ind2=" ">
    <subfield code="a">Maria Wills Londo&#xF1;o </subfield>
    <subfield code="9">5062</subfield>
  </datafield>
  <datafield tag="700" ind1="1" ind2=" ">
    <subfield code="a">Johann Wolfschonn</subfield>
    <subfield code="9">5063</subfield>
  </datafield>
  <datafield tag="700" ind1="1" ind2=" ">
    <subfield code="a">Bel&#xE9;n Zahera</subfield>
    <subfield code="9">5064</subfield>
  </datafield>
  <datafield tag="700" ind1="1" ind2=" ">
    <subfield code="a">Stefan Benchoam</subfield>
    <subfield code="9">5065</subfield>
  </datafield>
  <datafield tag="700" ind1="1" ind2=" ">
    <subfield code="a">Luis Gomez Rincon </subfield>
    <subfield code="9">5066</subfield>
  </datafield>
  <datafield tag="700" ind1="1" ind2=" ">
    <subfield code="a">Sara Herman</subfield>
    <subfield code="9">5067</subfield>
  </datafield>
  <datafield tag="700" ind1="1" ind2=" ">
    <subfield code="a">Tania Hernandez </subfield>
    <subfield code="9">5068</subfield>
  </datafield>
  <datafield tag="700" ind1="1" ind2=" ">
    <subfield code="a">Paulina Le&#xF3;n </subfield>
    <subfield code="9">5069</subfield>
  </datafield>
  <datafield tag="700" ind1="1" ind2=" ">
    <subfield code="a">Miguel A. L&#xF3;pez </subfield>
    <subfield code="9">4650</subfield>
  </datafield>
  <datafield tag="700" ind1="1" ind2=" ">
    <subfield code="a">Roxana Martinez </subfield>
    <subfield code="9">5070</subfield>
  </datafield>
  <datafield tag="700" ind1="1" ind2=" ">
    <subfield code="a">Aitor Mendez </subfield>
    <subfield code="9">5071</subfield>
  </datafield>
  <datafield tag="700" ind1="1" ind2=" ">
    <subfield code="a">Jos&#xE9; Manuel Castrellon</subfield>
    <subfield code="9">5072</subfield>
  </datafield>
  <datafield tag="700" ind1="1" ind2=" ">
    <subfield code="a">Matias Costa </subfield>
    <subfield code="9">5073</subfield>
  </datafield>
  <datafield tag="700" ind1="1" ind2=" ">
    <subfield code="a">Humberto Diaz </subfield>
    <subfield code="9">5074</subfield>
  </datafield>
  <datafield tag="700" ind1="1" ind2=" ">
    <subfield code="a">Tatiana Fernandez </subfield>
    <subfield code="9">5075</subfield>
  </datafield>
  <datafield tag="700" ind1="1" ind2=" ">
    <subfield code="a">Juan Pablo Garza </subfield>
    <subfield code="9">5076</subfield>
  </datafield>
  <datafield tag="700" ind1="1" ind2=" ">
    <subfield code="a">Adler Guerrier</subfield>
    <subfield code="9">5077</subfield>
  </datafield>
  <datafield tag="700" ind1="1" ind2=" ">
    <subfield code="a">Mateo Lopez </subfield>
    <subfield code="9">5078</subfield>
  </datafield>
  <datafield tag="700" ind1="1" ind2=" ">
    <subfield code="a">Juan Carlos Martinez </subfield>
    <subfield code="9">5079</subfield>
  </datafield>
  <datafield tag="700" ind1="1" ind2=" ">
    <subfield code="a">Rosell Messeguer </subfield>
    <subfield code="9">5080</subfield>
  </datafield>
  <datafield tag="700" ind1="1" ind2=" ">
    <subfield code="a">Esteban Pastorino </subfield>
    <subfield code="9">5081</subfield>
  </datafield>
  <datafield tag="700" ind1="1" ind2=" ">
    <subfield code="a">Aleix Plademunt</subfield>
    <subfield code="9">5082</subfield>
  </datafield>
  <datafield tag="700" ind1="1" ind2=" ">
    <subfield code="a">Carlos Sanva </subfield>
    <subfield code="9">5083</subfield>
  </datafield>
  <datafield tag="700" ind1="1" ind2=" ">
    <subfield code="a">Daniel Silvo</subfield>
    <subfield code="9">5084</subfield>
  </datafield>
  <datafield tag="700" ind1="1" ind2=" ">
    <subfield code="a">Juan Diego Varela</subfield>
    <subfield code="9">5085</subfield>
  </datafield>
  <datafield tag="700" ind1="1" ind2=" ">
    <subfield code="a">Gonzalo Vargas </subfield>
    <subfield code="9">5086</subfield>
  </datafield>
  <datafield tag="856" ind1="4" ind2="2">
    <subfield code="u">http://www.columbia.edu/cgi-bin/cul/resolve?clio9745578</subfield>
    <subfield code="3">TOC</subfield>
  </datafield>
  <datafield tag="901" ind1=" " ind2=" ">
    <subfield code="a">http://www.ilibri.casalini.it/60747514</subfield>
  </datafield>
  <datafield tag="910" ind1=" " ind2=" ">
    <subfield code="a">Supplied on B.O.</subfield>
  </datafield>
  <datafield tag="948" ind1="1" ind2=" ">
    <subfield code="a">20121105</subfield>
    <subfield code="b">c</subfield>
    <subfield code="c">rhg9</subfield>
    <subfield code="d">OSMC</subfield>
  </datafield>
  <datafield tag="990" ind1=" " ind2=" ">
    <subfield code="b">20.00 EUR</subfield>
  </datafield>
  <datafield tag="999" ind1=" " ind2=" ">
    <subfield code="c">925</subfield>
    <subfield code="d">925</subfield>
  </datafield>
  <datafield tag="952" ind1=" " ind2=" ">
    <subfield code="0">0</subfield>
    <subfield code="1">0</subfield>
    <subfield code="2">ddc</subfield>
    <subfield code="4">0</subfield>
    <subfield code="7">0</subfield>
    <subfield code="a">LV</subfield>
    <subfield code="b">LV</subfield>
    <subfield code="c">Colectivas</subfield>
    <subfield code="d">2016-06-01</subfield>
    <subfield code="l">0</subfield>
    <subfield code="o">779.092 B517l</subfield>
    <subfield code="p">004200</subfield>
    <subfield code="r">2016-06-01 00:00:00</subfield>
    <subfield code="w">2016-06-01</subfield>
    <subfield code="y">01</subfield>
  </datafield>
</record>
